<?xml version="1.0" encoding="UTF-8"?>
<record
    xmlns:xsi="http://www.w3.org/2001/XMLSchema-instance"
    xsi:schemaLocation="http://www.loc.gov/MARC21/slim http://www.loc.gov/standards/marcxml/schema/MARC21slim.xsd"
    xmlns="http://www.loc.gov/MARC21/slim">

  <leader>03376nam a2200265 a 4500</leader>
  <controlfield tag="001"> </controlfield>
  <controlfield tag="003">DO-SdBNP</controlfield>
  <controlfield tag="005">20210723101837.0</controlfield>
  <controlfield tag="008">181112s2016    dr            000 0 spa d</controlfield>
  <datafield tag="020" ind1=" " ind2=" ">
    <subfield code="a">9789945167610</subfield>
  </datafield>
  <datafield tag="040" ind1=" " ind2=" ">
    <subfield code="a">BPMSU </subfield>
    <subfield code="b">spa</subfield>
    <subfield code="c">BPMSU</subfield>
  </datafield>
  <datafield tag="082" ind1=" " ind2=" ">
    <subfield code="a">972.93</subfield>
    <subfield code="b">V985v 2016</subfield>
    <subfield code="2">22</subfield>
  </datafield>
  <datafield tag="100" ind1="1" ind2=" ">
    <subfield code="a">V&#xE1;squez Henr&#xED;quez, Erasmo,</subfield>
    <subfield code="d">1948-</subfield>
  </datafield>
  <datafield tag="245" ind1="1" ind2="0">
    <subfield code="a">Visi&#xF3;n moderna :</subfield>
    <subfield code="b">historia dominicana /</subfield>
    <subfield code="c">Erasmo V&#xE1;squez Henr&#xED;quez.</subfield>
  </datafield>
  <datafield tag="260" ind1=" " ind2=" ">
    <subfield code="a">La Vega, Rep&#xFA;blica Dominicana :</subfield>
    <subfield code="b">B&#xFA;ho,</subfield>
    <subfield code="c">2016.</subfield>
  </datafield>
  <datafield tag="300" ind1=" " ind2=" ">
    <subfield code="a">669 p. ;</subfield>
    <subfield code="c">23 cm.</subfield>
  </datafield>
  <datafield tag="500" ind1=" " ind2=" ">
    <subfield code="a">Incluye datos biogr&#xE1;ficos del autor en las solapas</subfield>
  </datafield>
  <datafield tag="504" ind1=" " ind2=" ">
    <subfield code="a">Bibliograf&#xED;a : p. 667-669</subfield>
  </datafield>
  <datafield tag="505" ind1="0" ind2=" ">
    <subfield code="a">Prefacio como acto de fe del autor -- De la Espa&#xF1;a Musulmana a la redenci&#xF3;n cristiana (711-1492) -- Col&#xF3;n : osad&#xED;a y visi&#xF3;n cient&#xED;fica sobre los mares y oc&#xE9;anos (1451-1506) -- Indios y Antillas en la Prehistoria americana -- Del descubrimiento a la resistencia ind&#xED;gena en La Espa&#xF1;ola (1492-1520) -- Enriquillo entrega militar que inmortaliz&#xF3; el orgullo de su raza (1520-1533) -- Vicisitudes de La Espo&#xF1;ola  -- Espa&#xF1;a arrodilla a los pies de Francia la parte Oeste de la isla Espa&#xF1;ola (1697) -- Espa&#xF1;a arrodilla a los pies de Francia la isla entera de La Espa&#xF1;ola (1795) -- Los  haitianos vencen la esclavitud y se declaran independientes (1804)-- Juan S&#xE1;nchez Ramir&#xE9;z rescata el destino hisp&#xE1;nico y emerge como el primer caudillo dominicano (1808-1821) hasta -- El su&#xF1;o que signific&#xF3; la llamada Independencia Ef&#xED;mera (1821-1844) -- La aventurera ocupaci&#xF3;n haitina y el nacimiento de la patria amada (1822-1844) -- La humillante anexi&#xF3;n a Espa&#xF1;a (1861-1863) -- La patria todav&#xED;a vive en la Guerra Restauradora (1863-1865) -- Entre la Restauraci&#xF3;n Dominicana y el fin del Siglo XIX (1865-1899) -- Cae Lil&#xED;s y lustros despu&#xE9;s, llegar&#xF3;n los yankis 
 a la Rep&#xFA;blica Dominicana (1899-1924) -- Cae la democracia con Horacio V&#xE1;squez y se levanta la dictadura de Trujillo (1930-1961) -- De la presidencia de Bosch a la segunda ocupaci&#xF3;n yankis (1962-1965) -- El gobierno de sangre de los 12 a&#xF1;os del Dr. Joaqu&#xED;n Balaguer (1966-1978) -- Don Antonio Guzm&#xE1;n Fern&#xE1;ndez se juaramenta Presidente de la Rep&#xFA;blica, y al construir su periodo, toma la infausta decisi&#xF3;n de suicidarse (1978-1986)
-- El Dr. Salvador Jorge Blanco gobierna durante cuatro a&#xF1;os (1982-1986), pero en su contra se instrumenta un juicio hist&#xF3;ricamente controversial  -- El Dr. Joaqu&#xED;n Balaguer es resucitado pol&#xED;ticamente, gana las elecciones presidenciales de 1986, golpea juridicamente a Jorge Blanco y gobierna por 10 a&#xF1;os m&#xE1;s a Rep&#xFA;blica Dominicana (1986-1996) --  En su  cresp&#xFA;sculo pol&#xED;tico Balaguer lleva al PLD y a Leonel Fern&#xE1;ndez al Palacion Nacional, provocando una recomposici&#xF3;n en el cuadro p&#xF3;l&#xED;tico dominicano (1996-200) -- Gobierno de Hip&#xF3;lito Mej&#xED;a  : brillos y turbulencias de su gesti&#xF3;n (2000-2004) -- Leonel Fern&#xE1;ndez vuelve al poder gobierna por 8 a&#xF1;os, y establece las bases concretas para una nueva oligarqu&#xED;a en la Rep&#xFA;blica Dominicana (2004-2012) --Danilo Medina  : elegido Presidente de la Rep&#xFA;blica con el apoyo del Caudillo Leonel Fern&#xE1;ndez, de la tercera oligarqu&#xED;a y disponiendo de los fondos p&#xFA;blicos (2012-2016).

</subfield>
  </datafield>
  <datafield tag="590" ind1=" " ind2=" ">
    <subfield code="a">Inventariado, 2021/VM</subfield>
  </datafield>
  <datafield tag="650" ind1=" " ind2=" ">
    <subfield code="a"> </subfield>
  </datafield>
  <datafield tag="651" ind1=" " ind2="4">
    <subfield code="a">Rep&#xFA;blica Dominicana  </subfield>
    <subfield code="x">Historia</subfield>
    <subfield code="y">1492 - 2016</subfield>
  </datafield>
  <datafield tag="910" ind1=" " ind2=" ">
    <subfield code="a">VMateo V</subfield>
  </datafield>
  <datafield tag="942" ind1=" " ind2=" ">
    <subfield code="2">ddc</subfield>
    <subfield code="c">BK</subfield>
  </datafield>
  <datafield tag="952" ind1=" " ind2=" ">
    <subfield code="0">0</subfield>
    <subfield code="1">0</subfield>
    <subfield code="2">ddc</subfield>
    <subfield code="4">0</subfield>
    <subfield code="7">0</subfield>
    <subfield code="8">CD</subfield>
    <subfield code="a">BPMET</subfield>
    <subfield code="b">BPMET</subfield>
    <subfield code="d">2021-07-23</subfield>
    <subfield code="o">BNPHU CD 972.93 V985v 2016</subfield>
    <subfield code="p">BPMSU21070043</subfield>
    <subfield code="r">2021-07-23</subfield>
    <subfield code="w">2021-07-23</subfield>
    <subfield code="y">BK</subfield>
  </datafield>
  <datafield tag="999" ind1=" " ind2=" ">
    <subfield code="c">13602</subfield>
    <subfield code="d">13602</subfield>
  </datafield>
</record>
